[Event "URS-YUG m"]
[Site "Moscow"]
[Date "2007.11.08"]
[Round "1.10"]
[White "Zaitseva, Ludmila G"]
[Black "Blagojevic, Katarina"]
[Result "1-0"]
[WhiteElo "2352"]
[BlackElo "2180"]
[PlyCount "91"]
[EventDate "2007.11.08"]
[EventType "team"]
[EventRounds "2"]
[EventCountry "RUS"]
[SourceTitle "EXT 2008"]
[Source "ChessBase"]
[SourceDate "2007.11.25"]
[SourceVersion "1"]
[SourceVersionDate "2007.11.25"]
[SourceQuality "1"]
[WhiteTeam "Soviet Union"]
[BlackTeam "Yugoslavia"]
[WhiteTeamCountry "URS"]
[BlackTeamCountry "YUG"]

1. d4 d5 2. Bf4 Nf6 3. e3 e6 4. Nd2 c5 5. c3 Nc6 6. Bd3 Bd6 7. Bxd6 Qxd6 8. f4 cxd4 9. cxd4 Bd7 10. a3 0-0 11. Ngf3 Rac8 12. Ne5 Na5 13. b4 Nc6 14. 0-0 Ne7 15. g4 g6 16. g5 Nh5 17. Ndf3 Nf5 18. Ng4 f6 19. gxf6 Nxf6 20. Nxf6+ Rxf6 21. Qd2 Rff8 22. Rac1 Rxc1 23. Rxc1 Rc8 24. Rxc8+ Bxc8 25. Bxf5 exf5 26. Qc3 Bd7 27. Qc5 Qxc5 28. dxc5 Bb5 29. Nd4 Ba4 30. Kf2 Kf7 31. Ke2 a6 32. Kd2 Kf6 33. Nf3 h6 34. h4 Bb5 35. Nd4 Ba4 36. Kc3 g5 37. fxg5+ hxg5 38. hxg5+ Kxg5 39. Ne6+ Kg4 40. Kd4 Kf3 41. Nd8 Bc6 42. Nxc6 bxc6 43. a4 f4 44. exf4 Kxf4 45. b5 axb5 46. axb5 1-0

[Event "RUS-Cup 300 years (Women)"]
[Site "St Petersburg"]
[Date "2003.10.22"]
[Round "5"]
[White "Zaitseva, Ludmila G"]
[Black "Mashinskaya, Iulia"]
[Result "1-0"]
[WhiteElo "2335"]
[BlackElo "2205"]
[PlyCount "119"]
[EventDate "2003.10.18"]
[EventType "swiss"]
[EventRounds "9"]
[EventCountry "RUS"]
[SourceTitle "EXT 2004"]
[Source "ChessBase"]
[SourceDate "2003.11.25"]
[SourceVersion "1"]
[SourceVersionDate "2003.11.25"]
[SourceQuality "1"]

1. Nf3 Nf6 2. c4 c6 3. e3 d5 4. b3 Bf5 5. Bb2 e6 6. Be2 h6 7. 0-0 Nbd7 8. Nc3 Bd6 9. cxd5 exd5 10. Nd4 Bh7 11. f4 c5 12. Nf3 Qe7 13. b4 cxb4 14. Nb5 0-0 15. Nxd6 Qxd6 16. a3 Rfc8 17. Nd4 Ne4 18. Bg4 b3 19. Nxb3 Nec5 20. Nxc5 Rxc5 21. f5 f6 22. Bd4 Rc7 23. Qb3 Kh8 24. Bf3 Bg8 25. Qb4 Qxb4 26. axb4 Ne5 27. Be2 Nc6 28. Bc3 d4 29. exd4 Rd8 30. Rf4 Rcd7 31. Bf3 Bd5 32. Bh5 a6 33. Re1 Re7 34. Re3 b6 35. Rf1 Rdd7 36. Rfe1 Rxe3 37. dxe3 Be4 38. Be2 a5 39. bxa5 Nxa5 40. g4 Rc7 41. Bxa5 bxa5 42. Ra1 Rc3 43. Kf2 Rc2 44. Kf1 Rc3 45. Rxa5 Rxe3 46. d5 Bd3 47. Bxd3 Rxd3 48. Ke2 Rd4 49. Ke3 Rd1 50. Ra8+ Kh7 51. Ke4 h5 52. gxh5 Re1+ 53. Kd4 Rd1+ 54. Kc5 Rc1+ 55. Kb6 Rb1+ 56. Kc7 Rc1+ 57. Kd7 Kh6 58. d6 Kg5 59. Rc8 Rd1 60. Rc5 1-0

[Event "St Petersburg-Moscow"]
[Site "St Petersburg"]
[Date "2003.05.05"]
[Round "2"]
[White "Sudakova, Irina"]
[Black "Zaitseva, Ludmila G"]
[Result "1/2-1/2"]
[WhiteElo "2277"]
[BlackElo "2335"]
[PlyCount "77"]
[EventDate "2003.05.03"]
[EventType "team"]
[EventRounds "2"]
[EventCountry "RUS"]
[SourceTitle "CBM 095"]
[Source "ChessBase"]
[SourceDate "2003.07.25"]
[SourceVersion "1"]
[SourceVersionDate "2003.07.25"]
[SourceQuality "1"]

1. e4 e6 2. d4 d5 3. Nd2 Nf6 4. e5 Nfd7 5. Bd3 c5 6. c3 Nc6 7. Ne2 cxd4 8. cxd4 f6 9. exf6 Nxf6 10. 0-0 Bd6 11. Nf3 Qc7 12. Bg5 0-0 13. Bh4 g6 14. Rc1 Qg7 15. Bg3 Bxg3 16. hxg3 Ng4 17. Bb5 Bd7 18. Nf4 g5 19. Bxc6 gxf4 20. Bxd7 Qxd7 21. Ng5 e5 22. dxe5 Nxe5 23. Qh5 fxg3 24. fxg3 Ng6 25. Rxf8+ Rxf8 26. Rd1 Rf6 27. Nf3 Rf5 28. Qh3 Rf7 29. Qh6 Qd6 30. Qg5 Qb6+ 31. Kh1 Qxb2 32. Qxd5 h6 33. Qh5 Kg7 34. Rd6 Qb1+ 35. Kh2 Qf5 36. Qxf5 Rxf5 37. Nh4 Nxh4 38. gxh4 Rf7 39. h5 1/2-1/2

[Event "St Petersburg-Moscow"]
[Site "St Petersburg"]
[Date "2003.05.03"]
[Round "1"]
[White "Zaitseva, Ludmila G"]
[Black "Sudakova, Irina"]
[Result "1/2-1/2"]
[WhiteElo "2335"]
[BlackElo "2277"]
[PlyCount "49"]
[EventDate "2003.05.03"]
[EventType "team"]
[EventRounds "2"]
[EventCountry "RUS"]
[SourceTitle "CBM 095"]
[Source "ChessBase"]
[SourceDate "2003.07.25"]
[SourceVersion "1"]
[SourceVersionDate "2003.07.25"]
[SourceQuality "1"]

1. d4 d5 2. Bf4 Nf6 3. e3 e6 4. Nd2 c5 5. c3 Nc6 6. Bd3 Bd6 7. Bxd6 Qxd6 8. f4 Rb8 9. Nh3 b5 10. a3 b4 11. axb4 cxb4 12. 0-0 bxc3 13. bxc3 0-0 14. e4 dxe4 15. Nxe4 Nxe4 16. Bxe4 h6 17. Qf3 Bd7 18. Ra6 Rb6 19. Rxb6 axb6 20. f5 exf5 21. Bxf5 Bxf5 22. Qxf5 Ne7 23. Qf2 b5 24. Nf4 Nd5 25. Nxd5 1/2-1/2

[Event "RUS-ch49 (Women)"]
[Site "Moscow"]
[Date "1999.05.17"]
[Round "3"]
[White "Zaitseva, Ludmila G"]
[Black "Zakurdjaeva, Irina"]
[Result "1/2-1/2"]
[WhiteElo "2334"]
[BlackElo "2143"]
[PlyCount "143"]
[EventDate "1999.05.??"]
[EventType "swiss"]
[EventRounds "9"]
[EventCountry "RUS"]
[SourceTitle "CBM 070 Extra"]
[Source "ChessBase"]
[SourceDate "1999.07.10"]
[SourceVersion "1"]
[SourceVersionDate "1999.07.10"]
[SourceQuality "1"]

1. d4 d5 2. Bf4 c5 3. e3 Nc6 4. c3 Nf6 5. Bd3 Qb6 6. Qb3 c4 7. Qxb6 axb6 8. Bc2 b5 9. Na3 b4 10. Nb5 Ra5 11. a4 bxa3 12. Nxa3 b5 13. Nf3 Bg4 14. 0-0 Bxf3 15. gxf3 Kd7 16. b4 cxb3 17. Bxb3 e6 18. Nc2 Be7 19. Rab1 Rc8 20. Rfc1 g5 21. Bg3 h5 22. h3 g4 23. hxg4 hxg4 24. fxg4 Ne4 25. Kg2 Nxc3 26. Ra1 Ne2 27. Rcb1 Nc3 28. Rh1 Ne4 29. Rab1 Raa8 30. Ne1 Na5 31. Bc2 Nc3 32. Ra1 b4 33. Nf3 b3 34. Ne5+ Ke8 35. Rh8+ Bf8 36. Bxb3 Nxb3 37. Rxa8 Rxa8 38. Bf4 Na5 39. Bh6 Ke7 40. Bg5+ Kd6 41. Nxf7+ Kd7 42. Ne5+ Kc7 43. Ng6 Nc4 44. Rxf8 Ra2 45. Rf7+ Kb6 46. Ne5 Nd1 47. Nd3 Ndxe3+ 48. Kf3 Nc2 49. Bf6 Ra3 50. Ke2 Ra2 51. Kf1 Nd2+ 52. Kg2 Ne4 53. Bd8+ Kb5 54. g5 Ne3+ 55. Kf3 Nf5 56. g6 Kc4 57. Ne5+ Kxd4 58. Ng4 Ra3+ 59. Kg2 Ra8 60. Rf8 Kd3 61. Ne5+ Ke2 62. Nc6 Nh4+ 63. Bxh4 Rxf8 64. Nd4+ Kd3 65. Nxe6 Rg8 66. g7 Nd6 67. Bf6 Ke4 68. Bb2 Nf5 69. Nc5+ Kf4 70. Ne6+ Ke4 71. Nc5+ Kf4 72. Ne6+ 1/2-1/2

[Event "YUG-chT (Women)"]
[Site "Vrnjacka Banja"]
[Date "1999.??.??"]
[Round "3"]
[White "Pihajlic, Amalija"]
[Black "Zaitseva, Ludmila G"]
[Result "1/2-1/2"]
[WhiteElo "2087"]
[BlackElo "2399"]
[PlyCount "75"]
[EventDate "1999.08.??"]
[EventType "team"]
[EventRounds "9"]
[EventCountry "YUG"]
[SourceTitle "EXT 2000"]
[Source "ChessBase"]
[SourceDate "1999.11.16"]
[SourceVersion "1"]
[SourceVersionDate "1999.11.16"]
[SourceQuality "1"]

1. d4 f5 2. Nf3 Nf6 3. g3 e6 4. Bg2 d5 5. 0-0 Bd6 6. c4 c6 7. Nc3 0-0 8. Qb3 Nbd7 9. Bf4 Bxf4 10. gxf4 Kh8 11. Rfe1 Ne4 12. Rad1 Qe7 13. Rd3 Rb8 14. Qa4 a6 15. c5 Ndf6 16. Ne5 Bd7 17. Rh3 Be8 18. f3 Nxc3 19. bxc3 Nd7 20. Nd3 Rg8 21. Kf2 g5 22. fxg5 Qxg5 23. Rg1 f4 24. Qd1 Bg6 25. Bf1 Qf6 26. Rg4 Bf5 27. Rxf4 Qg5 28. Rhh4 Rbf8 29. e3 Nf6 30. Ke2 Nh5 31. Rfg4 Bxg4 32. Rxg4 Qf6 33. Rxg8+ Rxg8 34. Qe1 Rg7 35. Bh3 h6 36. Bg4 Qg5 37. Ne5 Qf6 38. Qf2 1/2-1/2

[Event "YUG-chT (Women)"]
[Site "Vrnjacka Banja"]
[Date "1999.??.??"]
[Round "6"]
[White "Velcheva, Maria"]
[Black "Zaitseva, Ludmila G"]
[Result "1-0"]
[WhiteElo "2305"]
[BlackElo "2399"]
[PlyCount "99"]
[EventDate "1999.08.??"]
[EventType "team"]
[EventRounds "9"]
[EventCountry "YUG"]
[SourceTitle "EXT 2000"]
[Source "ChessBase"]
[SourceDate "1999.11.16"]
[SourceVersion "1"]
[SourceVersionDate "1999.11.16"]
[SourceQuality "1"]

1. e4 c6 2. d4 d5 3. Nc3 dxe4 4. Nxe4 Nf6 5. Nxf6+ exf6 6. c3 Bd6 7. Bd3 Qc7 8. Ne2 Bg4 9. Be3 Nd7 10. Qd2 Bxe2 11. Qxe2 0-0-0 12. 0-0-0 g6 13. g3 f5 14. Qf3 h5 15. h4 Rde8 16. Rhe1 Nb6 17. c4 Be7 18. Kb1 Bf6 19. d5 Nd7 20. dxc6 bxc6 21. c5 Kb7 22. Re2 Ne5 23. Qf4 Qa5 24. Red2 Rd8 25. Be2 Rxd2 26. Rxd2 Re8 27. a3 Re7 28. Ka2 Re8 29. Rd6 Re6 30. Rxe6 fxe6 31. Bd4 Qc7 32. Qe3 Ng4 33. Qb3+ Ka8 34. Bxf6 Nxf6 35. Qxe6 Nd7 36. Qg8+ Kb7 37. Qb3+ Kc8 38. Ba6+ Kd8 39. Qg8+ Ke7 40. Qg7+ Kd8 41. Qg8+ Ke7 42. Qg7+ Kd8 43. Qxg6 Qe5 44. Qxc6 Nxc5 45. Qa8+ Kc7 46. Qxa7+ Kc6 47. Qa8+ Kb6 48. Bc4 Qd4 49. Qb8+ Nb7 50. Qf4 1-0

[Event "Moscow-ch (Women)"]
[Site "Moscow"]
[Date "1999.??.??"]
[Round "5"]
[White "Zaitseva, Ludmila G"]
[Black "Chasovnikova, Eugenia"]
[Result "1-0"]
[WhiteElo "2334"]
[BlackElo "2247"]
[PlyCount "61"]
[EventDate "1999.??.??"]
[EventType "tourn"]
[EventRounds "9"]
[EventCountry "RUS"]
[SourceTitle "EXT 2002"]
[Source "ChessBase"]
[SourceDate "2001.11.25"]
[SourceVersion "1"]
[SourceVersionDate "2001.11.25"]
[SourceQuality "1"]

1. d4 Nf6 2. Bg5 c5 3. Bxf6 gxf6 4. d5 Qb6 5. Qc1 f5 6. e3 Bg7 7. c3 e6 8. Nh3 e5 9. f4 0-0 10. Bc4 Qg6 11. 0-0 d6 12. Rf3 Nd7 13. Rg3 Qf6 14. a4 Qe7 15. Nd2 Nf6 16. Qf1 b6 17. Re1 Ne4 18. Nxe4 fxe4 19. f5 Qf6 20. Rg5 a6 21. Qe2 Bd7 22. Qg4 b5 23. Ba2 bxa4 24. Nf2 Kh8 25. Nxe4 Qe7 26. Rxg7 Bxf5 27. Qxf5 Kxg7 28. Ng5 Rh8 29. Rf1 f6 30. Ne6+ Kf7 31. Qh5+ 1-0

[Event "RUS-ch (Women) playoff 3/4"]
[Site "Elista"]
[Date "1998.05.02"]
[Round "5.2"]
[White "Galliamova, Alisa"]
[Black "Zaitseva, Ludmila G"]
[Result "1-0"]
[WhiteElo "2505"]
[BlackElo "2370"]
[PlyCount "65"]
[EventDate "1998.05.01"]
[EventType "match"]
[EventRounds "1"]
[EventCountry "RUS"]
[SourceTitle "CBM 064 Extra"]
[Source "ChessBase"]
[SourceDate "1998.07.07"]
[SourceVersion "1"]
[SourceVersionDate "1998.07.07"]
[SourceQuality "1"]

1. Nf3 f5 2. c4 Nf6 3. b3 e6 4. Bb2 b6 5. g3 Bb7 6. Bg2 a5 7. Nc3 Be7 8. 0-0 0-0 9. d4 Ne4 10. d5 Bf6 11. Nd4 Nxc3 12. Bxc3 Na6 13. Qc2 Qe8 14. e4 Bxd4 15. Bxd4 e5 16. Bc3 f4 17. gxf4 Rxf4 18. Bd2 Rg4 19. f4 Nc5 20. Kh1 Rh4 21. Bc3 exf4 22. Bf3 Qe7 23. Rg1 g6 24. Rae1 Rf8 25. a3 Rh3 26. Rgf1 Ba6 27. Ba1 Nb7 28. Qb2 Rh4 29. e5 Qg7 30. Qf2 Qh6 31. e6 dxe6 32. dxe6 Nd6 33. Qb2 1-0

[Event "Women's Champions"]
[Site "Iki Burul/Yashalta"]
[Date "1998.??.??"]
[Round "?"]
[White "Demina, Julia"]
[Black "Zaitseva, Ludmila G"]
[Result "1/2-1/2"]
[WhiteElo "2355"]
[BlackElo "2370"]
[PlyCount "117"]
[EventDate "1998.??.??"]
[EventType "tourn"]
[EventRounds "6"]
[EventCountry "RUS"]
[EventCategory "5"]
[SourceTitle "EXT 1999"]
[Source "ChessBase"]
[SourceDate "1998.11.16"]
[SourceVersion "1"]
[SourceVersionDate "1998.11.16"]
[SourceQuality "1"]

1. Nf3 f5 2. c4 Nf6 3. g3 e6 4. Bg2 d5 5. 0-0 c6 6. d4 Bd6 7. Qc2 0-0 8. Nc3 Ne4 9. Rb1 a5 10. a3 Qe7 11. c5 Bc7 12. b4 axb4 13. axb4 Nd7 14. b5 e5 15. e3 Nxc3 16. Qxc3 e4 17. Nd2 Nf6 18. b6 Bb8 19. f4 exf3 20. Rxf3 Ne4 21. Nxe4 Qxe4 22. Ra1 Rxa1 23. Qxa1 Qe7 24. Bd2 h5 25. h4 g5 26. hxg5 Qxg5 27. Be1 Qg7 28. Qb2 Qg4 29. Qa2 Be6 30. Kf1 Kh8 31. Qf2 Rg8 32. Qg1 Bf7 33. Qh2 Bg6 34. Qh4 Qxh4 35. gxh4 f4 36. exf4 Be4 37. Rg3 Bxg2+ 38. Kxg2 Bxf4 39. Rxg8+ Kxg8 40. Kf3 Bh6 41. Bf2 Kf7 42. Be3 Bg7 43. Kf4 Kf6 44. Kg3 Kf5 45. Kf3 Bf6 46. Bf2 Kg6 47. Kf4 Bh8 48. Bg1 Kf6 49. Kg3 Bg7 50. Be3 Bf8 51. Kf3 Kg6 52. Kf4 Kf6 53. Kf3 Ke6 54. Kf4 Be7 55. Bf2 Bf6 56. Kg3 Bg7 57. Be3 Kf6 58. Kf4 Kg6 59. Kg3 1/2-1/2

[Event "Women's Champions"]
[Site "Iki Burul/Yashalta"]
[Date "1998.??.??"]
[Round "?"]
[White "Gaprindashvili, Nona"]
[Black "Zaitseva, Ludmila G"]
[Result "1-0"]
[WhiteElo "2340"]
[BlackElo "2370"]
[PlyCount "137"]
[EventDate "1998.??.??"]
[EventType "tourn"]
[EventRounds "6"]
[EventCountry "RUS"]
[EventCategory "5"]
[SourceTitle "EXT 1999"]
[Source "ChessBase"]
[SourceDate "1998.11.16"]
[SourceVersion "1"]
[SourceVersionDate "1998.11.16"]
[SourceQuality "1"]

1. d4 f5 2. Nf3 e6 3. g3 Nf6 4. Bg2 d5 5. 0-0 Bd6 6. c4 c6 7. Bf4 Bxf4 8. gxf4 0-0 9. Nbd2 Bd7 10. Ne5 Be8 11. Qb3 Qb6 12. c5 Qc7 13. Qe3 Qe7 14. f3 Nbd7 15. Nd3 Nh5 16. Qf2 h6 17. e3 Kh7 18. Rfe1 Rg8 19. Nf1 Nf8 20. Ng3 Qh4 21. Rac1 Rc8 22. Rc2 Rc7 23. b4 g5 24. Nh1 Qxf2+ 25. Nhxf2 gxf4 26. exf4 Rcg7 27. Nh3 Ng6 28. Kf1 Nh4 29. Bh1 Bd7 30. Rb2 Kg6 31. Kf2 Kf6 32. Rg1 Bc8 33. Rxg7 Rxg7 34. a4 a6 35. Ng1 Bd7 36. Ne2 Be8 37. Ng3 Ke7 38. b5 axb5 39. axb5 cxb5 40. Nxh5 Bxh5 41. Rxb5 Kf6 42. Rb6 Ng6 43. Nb4 Rd7 44. Nd3 Rc7 45. Bg2 Ne7 46. Bf1 Be8 47. Ke3 Bc6 48. Ne5 Rc8 49. Bb5 Bxb5 50. Rxb5 Rc7 51. Rb1 Nc8 52. h4 Rg7 53. h5 Na7 54. Rb6 Nc8 55. Rb5 Rc7 56. Rb1 Ne7 57. Kd3 Nc8 58. Ra1 Ne7 59. Ra8 Nc8 60. Kc3 Ke7 61. Kb4 Kd8 62. Ng6 Rf7 63. Ra1 Kc7 64. Re1 Rf6 65. Ne5 b6 66. Rg1 bxc5+ 67. dxc5 Rf8 68. Rg7+ Kd8 69. Nc6+ 1-0

[Event "Women's Champions"]
[Site "Iki Burul/Yashalta"]
[Date "1998.??.??"]
[Round "?"]
[White "Zaitseva, Ludmila G"]
[Black "Demina, Julia"]
[Result "1/2-1/2"]
[WhiteElo "2370"]
[BlackElo "2355"]
[PlyCount "87"]
[EventDate "1998.??.??"]
[EventType "tourn"]
[EventRounds "6"]
[EventCountry "RUS"]
[EventCategory "5"]
[SourceTitle "EXT 1999"]
[Source "ChessBase"]
[SourceDate "1998.11.16"]
[SourceVersion "1"]
[SourceVersionDate "1998.11.16"]
[SourceQuality "1"]

1. d4 d5 2. Bf4 c5 3. e3 Nc6 4. c3 Nf6 5. Nd2 Bf5 6. Ngf3 Qb6 7. Qb3 c4 8. Qxb6 axb6 9. a3 h6 10. Be2 e6 11. Ne5 b5 12. 0-0 Be7 13. Rfe1 0-0 14. f3 Nxe5 15. Bxe5 Nd7 16. Bg3 Rfe8 17. Bf1 Nb6 18. e4 Bg6 19. Rac1 Rac8 20. Re2 Bf8 21. Rce1 f6 22. e5 Kf7 23. f4 Na4 24. Nf3 Be4 25. exf6 gxf6 26. Nh4 Bd3 27. Rf2 Bxf1 28. Kxf1 f5 29. Nf3 Bd6 30. Ne5+ Bxe5 31. fxe5 Rg8 32. Bf4 Rg6 33. Re3 Rh8 34. h3 h5 35. Bg3 Ke7 36. Bh4+ Ke8 37. Rg3 Rxg3 38. Bxg3 Rg8 39. Bf4 Nb6 40. Rf3 Na4 41. Bc1 Kf7 42. Kf2 Nb6 43. Rf4 Rg7 44. Rf3 1/2-1/2

[Event "Women's Champions"]
[Site "Iki Burul/Yashalta"]
[Date "1998.??.??"]
[Round "?"]
[White "Zaitseva, Ludmila G"]
[Black "Kovalevskaya, Ekaterina"]
[Result "1/2-1/2"]
[WhiteElo "2370"]
[BlackElo "2390"]
[PlyCount "36"]
[EventDate "1998.??.??"]
[EventType "tourn"]
[EventRounds "6"]
[EventCountry "RUS"]
[EventCategory "5"]
[SourceTitle "EXT 1999"]
[Source "ChessBase"]
[SourceDate "1998.11.16"]
[SourceVersion "1"]
[SourceVersionDate "1998.11.16"]
[SourceQuality "1"]

1. d4 d5 2. c4 c6 3. e3 Nf6 4. Nf3 g6 5. Nc3 Bg7 6. Be2 0-0 7. 0-0 dxc4 8. Bxc4 Bg4 9. h3 Bxf3 10. Qxf3 Nbd7 11. Qe2 e5 12. dxe5 Nxe5 13. Bb3 Qd3 14. Qxd3 Nxd3 15. Rd1 Rad8 16. Kf1 Nc5 17. Rxd8 Rxd8 18. Bc2 Nd3 1/2-1/2

[Event "RUS-ch (Women)"]
[Site "Elista"]
[Date "1997.09.28"]
[Round "10"]
[White "Zaitseva, Ludmila G"]
[Black "Galliamova, Alisa"]
[Result "0-1"]
[WhiteElo "2360"]
[BlackElo "2445"]
[PlyCount "80"]
[EventDate "1997.09.19"]
[EventType "swiss"]
[EventRounds "11"]
[EventCountry "RUS"]
[SourceTitle "EXT 1998"]
[Source "ChessBase"]
[SourceDate "1997.11.17"]
[SourceVersion "1"]
[SourceVersionDate "1997.11.17"]
[SourceQuality "1"]

1. d4 d5 2. Bf4 Nf6 3. e3 g6 4. Bd3 Bg7 5. h3 0-0 6. Nd2 Nc6 7. c3 Nd7 8. Bg5 Qe8 9. Ngf3 f6 10. Bh4 e5 11. Be2 Ne7 12. g4 c5 13. Qb3 c4 14. Qa3 e4 15. Nh2 b5 16. b3 Bb7 17. Qb4 Bc6 18. a4 a5 19. Qa3 bxa4 20. bxc4 Rf7 21. c5 f5 22. Bd1 f4 23. Bxa4 Bxa4 24. Qxa4 Bh6 25. Bxe7 fxe3 26. fxe3 Qxe7 27. Nhf1 Qh4+ 28. Kd1 Qf2 29. Qc6 Re8 30. Qxd5 Bxe3 31. Nxe3 Qxe3 32. Rf1 Ree7 33. Rb1 Qd3 34. Rb2 Kg7 35. Rxf7+ Rxf7 36. Kc1 e3 37. Nf3 e2 38. Rc2 Rf8 39. Qxd7+ Rf7 40. Qe6 Qd1+ 0-1

[Event "RUS-ch (Women)"]
[Site "Elista"]
[Date "1997.09.25"]
[Round "7"]
[White "Zaitseva, Ludmila G"]
[Black "Saunina, Ludmila"]
[Result "1/2-1/2"]
[WhiteElo "2360"]
[BlackElo "2260"]
[PlyCount "88"]
[EventDate "1997.09.19"]
[EventType "swiss"]
[EventRounds "11"]
[EventCountry "RUS"]
[SourceTitle "EXT 1998"]
[Source "ChessBase"]
[SourceDate "1997.11.17"]
[SourceVersion "1"]
[SourceVersionDate "1997.11.17"]
[SourceQuality "1"]

1. d4 e6 2. Nf3 c5 3. e3 Nf6 4. Bd3 b6 5. 0-0 Bb7 6. Nbd2 g6 7. c3 Bg7 8. e4 d6 9. Re1 0-0 10. Nf1 e5 11. dxe5 dxe5 12. Bg5 Qc7 13. Bxf6 Bxf6 14. Bc4 Rd8 15. Qc2 Nc6 16. Ne3 Ne7 17. Rad1 h5 18. Qb3 Bxe4 19. Bxf7+ Kg7 20. Bd5 Bxd5 21. Nxd5 Nxd5 22. Rxd5 c4 23. Qd1 Qc6 24. Rxd8 Rxd8 25. Qe2 Rd5 26. Nd2 b5 27. Ne4 Bd8 28. h3 Bb6 29. g4 Qd7 30. Kg2 hxg4 31. hxg4 Rd3 32. Rh1 Qc6 33. g5 Be3 34. Qg4 Bxg5 35. f3 Bf6 36. Qh3 Kf7 37. Qh7+ Bg7 38. Rh6 Rd6 39. Nxd6+ Qxd6 40. Rh2 Qd2+ 41. Kh3 Qf4 42. Rg2 Qxf3+ 43. Kh2 Qf4+ 44. Kh1 Qf1+ 1/2-1/2

[Event "RUS-ch (Women)"]
[Site "Elista"]
[Date "1997.09.22"]
[Round "4"]
[White "Dorofeeva, Anna"]
[Black "Zaitseva, Ludmila G"]
[Result "1-0"]
[WhiteElo "2275"]
[BlackElo "2360"]
[PlyCount "79"]
[EventDate "1997.09.19"]
[EventType "swiss"]
[EventRounds "11"]
[EventCountry "RUS"]
[SourceTitle "EXT 1998"]
[Source "ChessBase"]
[SourceDate "1997.11.17"]
[SourceVersion "1"]
[SourceVersionDate "1997.11.17"]
[SourceQuality "1"]

1. e4 c6 2. d4 d5 3. e5 Bf5 4. Nf3 e6 5. Be2 Ne7 6. 0-0 Bg6 7. Nh4 Nc8 8. Nxg6 hxg6 9. Nd2 Ne7 10. b4 Nf5 11. c3 Qh4 12. Nf3 Qh7 13. Bg5 Be7 14. Bxe7 Kxe7 15. h3 Nd7 16. b5 c5 17. c4 dxc4 18. d5 Rhd8 19. Bxc4 Nb6 20. d6+ Kf8 21. Bb3 Qh6 22. a4 Nd7 23. a5 Nh4 24. Re1 g5 25. Ra4 Ng6 26. Rg4 b6 27. Rxg5 bxa5 28. Re4 Kg8 29. Reg4 Ndf8 30. Qd3 Re8 31. h4 Nh7 32. d7 Red8 33. Rxg6 fxg6 34. Bxe6+ Kh8 35. Bc4 Qc1+ 36. Kh2 Qb2 37. e6 Qf6 38. Rxg6 Qe7 39. Ne5 Rf8 40. Rh6 1-0

[Event "RUS-ch (Women)"]
[Site "Elista"]
[Date "1997.09.20"]
[Round "2"]
[White "Shadrina, Tatiana"]
[Black "Zaitseva, Ludmila G"]
[Result "1/2-1/2"]
[WhiteElo "2280"]
[BlackElo "2360"]
[PlyCount "57"]
[EventDate "1997.09.19"]
[EventType "swiss"]
[EventRounds "11"]
[EventCountry "RUS"]
[SourceTitle "EXT 1998"]
[Source "ChessBase"]
[SourceDate "1997.11.17"]
[SourceVersion "1"]
[SourceVersionDate "1997.11.17"]
[SourceQuality "1"]

1. e4 e6 2. d4 d5 3. Nc3 Nf6 4. Bg5 Bb4 5. e5 h6 6. Bd2 Bxc3 7. Bxc3 Ne4 8. Bd2 c5 9. Nf3 cxd4 10. Bd3 Nc6 11. 0-0 Qb6 12. Rb1 Bd7 13. Re1 Nxd2 14. Qxd2 Rc8 15. b4 0-0 16. b5 Na5 17. Nxd4 Nc4 18. Bxc4 Rxc4 19. c3 Rfc8 20. Re3 Qa5 21. Rb3 Ra4 22. Rb2 Ra3 23. h3 Qc7 24. Rb3 Ra5 25. Qb2 Qc4 26. Rg3 Kf8 27. Qb1 Kg8 28. Qb2 Kf8 29. Qb1 1/2-1/2

[Event "Moscow-ch"]
[Site "Moscow"]
[Date "1997.??.??"]
[Round "5"]
[White "Kholmov, Ratmir D"]
[Black "Zaitseva, Ludmila G"]
[Result "1/2-1/2"]
[WhiteElo "2465"]
[BlackElo "2360"]
[PlyCount "106"]
[EventDate "1997.??.??"]
[EventType "swiss"]
[EventRounds "9"]
[EventCountry "RUS"]
[SourceTitle "EXT 2000"]
[Source "ChessBase"]
[SourceDate "1999.11.16"]
[SourceVersion "1"]
[SourceVersionDate "1999.11.16"]
[SourceQuality "1"]

1. e4 c6 2. d4 d5 3. Nc3 dxe4 4. Nxe4 Nf6 5. Nxf6+ exf6 6. Bc4 Bd6 7. Qe2+ Be7 8. c3 0-0 9. Be3 Nd7 10. Nf3 Re8 11. Qc2 Nf8 12. 0-0 Bd6 13. h3 Be6 14. Bd3 Qd7 15. Rfe1 Ng6 16. Bf1 Bd5 17. Nd2 f5 18. c4 Be6 19. Nf3 f4 20. Bd2 Bf5 21. Qc3 h6 22. Rxe8+ Rxe8 23. Re1 Rxe1 24. Bxe1 Be7 25. Bd3 Bf6 26. Bxf5 Qxf5 27. Qd2 Qe4 28. b3 Ne7 29. Kf1 g5 30. Qe2 Qb1 31. Kg1 Kg7 32. Kh2 Nf5 33. Qe8 h5 34. Bb4 g4 35. Qf8+ Kg6 36. Qg8+ Ng7 37. hxg4 hxg4 38. Ne5+ Bxe5 39. dxe5 Qf5 40. Qb8 f3 41. Bd2 fxg2 42. Qd6+ Ne6 43. Kxg2 Qf3+ 44. Kg1 Kf5 45. Be3 a6 46. Qd7 Kxe5 47. Qxb7 g3 48. Qb8+ Ke4 49. Qd6 gxf2+ 50. Bxf2 Qg4+ 51. Kf1 Qh3+ 52. Kg1 Qg4+ 53. Kf1 Qh3+ 1/2-1/2

[Event "Svetlogorsk op (Women)"]
[Site "Svetlogorsk"]
[Date "1997.??.??"]
[Round "6"]
[White "Zaitseva, Ludmila G"]
[Black "Shumiakina, Tatiana"]
[Result "1-0"]
[WhiteElo "2360"]
[BlackElo "2375"]
[PlyCount "53"]
[EventDate "1997.??.??"]
[EventType "swiss"]
[EventRounds "9"]
[EventCountry "RUS"]
[SourceTitle "EXT 1998"]
[Source "ChessBase"]
[SourceDate "1997.11.17"]
[SourceVersion "1"]
[SourceVersionDate "1997.11.17"]
[SourceQuality "1"]

1. Nf3 d5 2. e3 c6 3. c4 Nf6 4. d4 Bf5 5. cxd5 cxd5 6. Nc3 Nc6 7. Ne5 Bc8 8. Bb5 Bd7 9. Bd3 e6 10. 0-0 Be7 11. a3 0-0 12. f4 Ne8 13. Qc2 f5 14. g4 g6 15. Qg2 Nxe5 16. fxe5 Ng7 17. gxf5 gxf5 18. Kh1 Kh8 19. Ne2 Nh5 20. Bd2 Qe8 21. Qh3 Rg8 22. Be1 Qf7 23. Rc1 Rac8 24. Rxc8 Bxc8 25. Bh4 Bxh4 26. Qxh4 Rg4 27. Qxg4 1-0